| 000 | 00877nam a2200265 4500 | ||
|---|---|---|---|
| 003 | OSt | ||
| 005 | 20260530113856.0 | ||
| 008 | 260420b2005 NYUa|||| |||| 00| 0 eng d | ||
| 020 | _a0714843644 (rústica) | ||
| 040 |
_aICI _bspa _cICI |
||
| 050 |
_aN6490 _bA78 2005 |
||
| 100 | 1 |
_aWilliams, Nancy, _931758 |
|
| 245 | 1 | 0 |
_aMore paperwork : _bexploring the potential of paper in design and architecture / _cwritten and designed by Nancy Williams |
| 264 | 1 |
_bPhaidon, _c2005 _aLondon : |
|
| 300 |
_a176 páginas _bilustraciones a color |
||
| 336 |
_atexto _2rdacontent |
||
| 337 |
_asin medio _2rdamedia |
||
| 338 |
_avolumen _2rdacarrier |
||
| 500 | _aContinuación de: Paperwork : the potential of paper in graphic design | ||
| 650 | 4 |
_aPapel _97476 |
|
| 650 | 4 |
_aTrabajo en papel _931759 |
|
| 650 | 4 |
_aDiseño _92672 |
|
| 650 | 4 |
_aArtes gráficas _919721 |
|
| 942 |
_2lcc _cBK |
||
| 999 |
_c11629 _d11629 |
||